Joseph Beuys: life and works

Furkejuvvon:
Bibliográfalaš dieđut
Váldodahkkit: Adriani, Gotz (Dahkki), Konnertz, Winfried (Dahkki), Thomas, Karin (Dahkki)
Materiálatiipa: Girji
Giella:eaŋgalasgiella
Almmustuhtton: Nueva York Barron's 1979
Fáttát:
Fáddágilkorat: Lasit fáddágilkoriid
Eai fáddágilkorat, Lasit vuosttaš fáddágilkora!

MARC

LEADER 00000nam a2200000 a 4500
001 UCY3005
003 CL-VaPUC
008 941205e19790000US |||||||||||||||||eng|d
082 0 4 |a 730.92  |b ADR  |2 21 
100 0 |a Adriani, Gotz  |e author  |9 331194 
700 0 |a Konnertz, Winfried  |e author  |9 331195 
700 0 |a Thomas, Karin  |e author  |9 331196 
245 1 0 |a Joseph Beuys: life and works 
300 |a 307 p 
942 |c BK 
945 |d 19941205 00:00:00  |a mfernand 
260 |a Nueva York  |b Barron's  |c 1979 
600 0 |a Beuys, Joseph,  |d 1921-1986  |9 331197 
650 0 |a Biografías  |9 255210 
583 |a last modification  |c 19941205 00:00:00  |k Rodrigo Vera 
999 |c 231259  |d 231257 
952 |0 0  |1 0  |4 0  |6 730_920000000000000_ADR_1979  |7 0  |8 A  |9 234287  |a BIBARQ  |b BIBARQ  |d 2019-11-15  |i 3038750  |o 730.92 ADR 1979  |p 3038750  |r 2025-01-20  |w 2019-11-15  |y BK  |k ARQ